000 00481nam a2200193Ia 4500
003 OSt
005 20230428121047.0
008 210423s2011 xx 000 0 und d
020 _a9788184841251
040 _cAL
041 _aeng
082 _a302.23
_223
_bNARS
100 _aNARULA (Sumit).
_994792
245 _aMass communication theory and practice.
260 _aNew Delhi
_bRegal Publications
_c2011
300 _ax,342
_bPB
365 _b1680
_cINR
942 _2ddc
_cBK
999 _c161294
_d161294